000 00369nam a2200157 4500
008 190521s1992||||xo d
100 1 _aUhorskai Pavel
_91123
245 1 0 _aAko to bolo
260 _bTranoscius
_aLiptovský Mikuláš
_c1992
250 _a1.vydanie
300 _a174s.
020 _a8071400130
_c0
041 1 _aslo
044 _axo
_cSK
958 _aAUL
999 _c22419
_d22419